header

100 ideas for lesson planning (Record no. 113066)

MARC details
000 -LEADER
fixed length control field 01732nam a2200385 a 4500
082 04 - DEWEY DECIMAL CLASSIFICATION NUMBER
Classification number 371.30280941
100 1# - MAIN ENTRY--AUTHOR NAME
Personal name Haynes, Anthony.
245 10 - TITLE STATEMENT
Title 100 ideas for lesson planning
260 ## - PUBLICATION, DISTRIBUTION, ETC. (IMPRINT)
Place of publication London ;
-- New York :
Name of publisher Continuum,
Year of publication 2007.
300 ## - PHYSICAL DESCRIPTION
Number of Pages xi, 115 p.
490 1# - SERIES STATEMENT
Series statement Continuum one hundreds
505 0# - FORMATTED CONTENTS NOTE
Formatted contents note section 1. Introducing planning -- section 2. Needs, aims and objectives -- section 3. Learning -- section 4. The two big ideas : progression and differentiation -- section 5. The role of language -- section 6. Pedagogy -- section 7. Three big issues -- section 8. After the lesson -- section 9. Resources -- section 10. Development.
650 #0 - SUBJECT ADDED ENTRY--TOPICAL TERM
Topical Term Lesson planning
856 40 - ELECTRONIC LOCATION AND ACCESS
Uniform Resource Identifier http://site.ebrary.com/lib/rucke/Doc?id=10472117

No items available.

© 2026 Rongo University
Contact us: librarian | system librarian | Rongo university